| 000 | 00996cam a22002538i 4500 | ||
|---|---|---|---|
| 999 |
_c12633 _d12633 |
||
| 003 | OSt | ||
| 005 | 20240430085331.0 | ||
| 008 | 180802s2019 nyu b 000 0 eng | ||
| 020 | _a9780415735575 (pbk.) | ||
| 082 | 0 | 0 |
_a307.121 _223 _bMAC |
| 100 | 1 |
_aMacCallum, Diana, _eauthor. |
|
| 245 | 1 | 0 |
_aDoing research in urban and regional planning : _bmethods and methodology for beginners / _cDiana MacCallum, Courtney Babb and Carey Curtis. |
| 263 | _a1901 | ||
| 300 | _apages cm | ||
| 504 | _aIncludes bibliographical references. | ||
| 650 | 0 |
_aCity planning _xResearch. |
|
| 650 | 0 |
_aRegional planning _xResearch. |
|
| 700 | 1 |
_aBabb, Courtney, _eauthor. |
|
| 700 | 1 |
_aCurtis, Carey, _eauthor. |
|
| 776 | 0 | 8 |
_iOnline version: _aMacCallum, Diana, author. _tDoing research in urban and regional planning _dNew York : Routledge, 2019 _z9781315818894 _w(DLC) 2018038821 |
| 906 |
_a7 _bcbc _corignew _d1 _eecip _f20 _gy-gencatlg |
||
| 942 | _2ddc | ||